| 000 | 02978cam a2200301Li 4500 | ||
|---|---|---|---|
| 005 | 20140903175126.0 | ||
| 008 | 100419s1728 sz fr 001 0 latsd | ||
| 035 | _a(OCoLC)708336765 | ||
| 040 |
_aZWZ _erda _bspa _cSandra Yazo _dSandra Yazo |
||
| 041 | 0 | _alat | |
| 082 | 0 | 4 |
_220 _a340.5 |
| 092 | _aE30N036 | ||
| 100 | 1 |
_aCapecelatro, Ettore _d1580-1654. _962441 |
|
| 242 | 0 | 0 |
_aConceptos jurídicos escogidos, relacionados con temas diversos que se presentan muy a menudo. Junto con las Sentencias y Decisiones de los Supremos Tribunales del Reino de Nápoles, se añadieron a esta edición, en cada uno de sus Conceptos, las Observaciones de Carlos A. De Luca. Obra no sólo útil, sino necesaria, para los magistrados, abogados y todos aquellos que se dedican a ambos Foros. _cHector Capecelatro _yspa |
| 245 | 1 | 0 |
_cD. Hectoris Capycii ... _aConsultationum juris selectiorum in variis ac frequentioribus facti contingentiis. Una cum Decissionibus, sive Resolutionibus Supremorum Tribunalium ... Regni Neapolitani, accesserunt huic novissimae editioni Observationes Caroli A De Luca ... ad singulas consultationes huius tomi ... Opus magistratibus, advocatis, caeterisque in utroque foro versantibus non solum utile, sed et necessarium ... Tomus Primus. |
| 260 |
_aColoniae Allobrogum [Ginebra] (Suiza) _bSumptibus Perachon & Cramer [A expensas de Perachon y Cramer] _c1728 |
||
| 300 |
_a[26], 486, [81] páginas _c38 x 23 cm. |
||
| 500 | _aDetalles físicos: Encuadernación flexible en pergamino, conserva parte de uno de los cierres. Guarda. Anteportada. Portada impresa en dos tintas y un grabado. Cenefas y remates. Dedicatoria al Rey Felipe IV, de España. Palabras al lector. Permisos y Licencias. Versos y cartas en latín, elogiando al autor y su libro. Texto impreso en dos columnas, algunas mayúsculas capitales. Párrafos numerados. Signaturas. Reclamos. Protesta de ortodoxia, al final del texto del autor. Papel manchado. | ||
| 505 | 1 | _aConcepto 1 – 75. | |
| 520 | _aConceptos jurídicos del jurista Héctor Capecelatro, con las correspondientes observaciones, hechas a cada uno de ellos, por Carlos De Luca: Materia de contratos, donaciones, mayorazgos, fideicomisos, legados, últimas voluntades, feudos, aguas, molinos, salarios, precedencias, privilegios, servidumbres. | ||
| 650 | 7 |
_929561 _aDerecho eclesiastico _xObras anteriores a 1800 |
|
| 650 | 7 |
_aDerecho civil _xObras anteriores a 1800 _929560 |
|
| 653 | _aAmbos derechos | ||
| 690 |
_942766 _aDerecho civil |
||
| 700 | 1 |
_aLuca, Carlo Antonio de _962442 |
|
| 856 |
_uhttp://books.google.com.co/books?id=RYc0dzQfpFMC&printsec=frontcover&dq=Consultationum+juris+selectiorum+in+variis+ac+frequentioribus+facti+contingentiis+1728&hl=es&sa=X&ei=Y0eYU6fMJrLFsASGkoCIBQ&ved=0CBkQ6AEwAA#v=onepage&q=Consultationum%20juris%20selectiorum%20in%20variis%20ac%20frequentioribus%20facti%20contingentiis%201728&f=false _zDisponible en línea V.1 |
||
| 942 |
_cLIBRO _e1 _2DEWEY _h340.5 |
||
| 999 |
_c273591 _d273591 |
||